The Cambridge Companion to Postmodernism : (Record no. 586968)

MARC details
000 -LEADER
fixed length control field 00530nam a2200193 a 4500
008 - FIXED-LENGTH DATA ELEMENTS--GENERAL INFORMATION
fixed length control field 250914s2004##################000#0#eng##
020 ## - INTERNATIONAL STANDARD BOOK NUMBER
ISBN 9780521648400
082 04 - DEWEY DECIMAL CLASSIFICATION NUMBER
Classification number 149.97
Item number CON
100 1# - MAIN ENTRY--AUTHOR NAME
Personal name Connor, Steven,
245 10 - TITLE STATEMENT
Title The Cambridge Companion to Postmodernism :
260 ## - PUBLICATION, DISTRIBUTION, ETC. (IMPRINT)
Name of publisher Cambridge University Press,
Year of publication 2004.
300 ## - PHYSICAL DESCRIPTION
Number of Pages 260 pages
650 #0 - SUBJECT ADDED ENTRY--TOPICAL TERM
Topical Term Literary Criticism.
942 ## - ADDED ENTRY ELEMENTS (KOHA)
Koha item type English Books
Holdings
Withdrawn status Lost status Damaged status Not for loan Home library Current library Shelving location Date acquired Full call number Accession Number Price effective from Koha item type
        Anna Centenary Library Anna Centenary Library 3RD FLOOR, A WING 15.09.2025 149.97 CON 246687 15.09.2025 English Books

Find us on the map